Loading...
| Fine Arts - Classical Music | 0 | 9 | 0 | 1 | 90 | 20 | 50.89 | 5 | 6 |
| Literature - American Literature | 0 | 6 | 0 | 0 | 60 | 52 | 75.67 | 1 | 4 |
| Social Science | 0 | 6 | 0 | 1 | 60 | 26 | 64.50 | 2 | 4 |
| Science - Other Science | 0 | 7 | 2 | 2 | 60 | 29 | 53.71 | 1 | 4 |
| Literature - World Literature | 0 | 6 | 1 | 0 | 55 | 42 | 63.67 | 0 | 5 |
| Science - Biology | 0 | 6 | 1 | 2 | 55 | 68 | 79.67 | 0 | 1 |
| Literature - European Literature | 0 | 6 | 2 | 1 | 50 | 38 | 70.17 | 4 | 5 |
| Fine Arts - Other Fine Arts | 0 | 6 | 2 | 0 | 50 | 37 | 74.83 | 2 | 4 |
| History - World History | 0 | 5 | 0 | 1 | 50 | 79 | 95.20 | 0 | 0 |
| Painting/Sculpture | 0 | 6 | 2 | 0 | 50 | 28 | 55.67 | 2 | 4 |
| Science - Physics | 0 | 6 | 3 | 0 | 45 | 26 | 39.00 | 3 | 5 |
| Mythology | 0 | 5 | 1 | 0 | 45 | 40 | 55.20 | 1 | 4 |
| Science - Chemistry | 0 | 5 | 2 | 0 | 40 | 32 | 63.60 | 0 | 3 |
| Philosophy | 0 | 4 | 1 | 0 | 35 | 57 | 84.50 | 1 | 3 |
| History - American History | 0 | 3 | 0 | 1 | 30 | 69 | 89.67 | 0 | 1 |
| History - European History | 0 | 3 | 1 | 0 | 25 | 47 | 58.67 | 0 | 2 |
| Geography | 0 | 3 | 2 | 0 | 20 | 47 | 70.00 | 1 | 2 |
| History - Other History | 0 | 2 | 0 | 0 | 20 | 49 | 73.50 | 0 | 0 |
| Literature - British Literature | 0 | 3 | 2 | 0 | 20 | 84 | 94.67 | 1 | 1 |
| Religion | 0 | 2 | 3 | 0 | 5 | 54 | 54.50 | 1 | 1 |
| Current Events | 0 | 1 | 1 | 0 | 5 | 54 | 54.00 | 0 | 0 |